Single-Chamber Membrane less Microbial Fuel Cell with α-MoO3 Modified Anode: A Dual Solution for Cr and Zn Removal and Bioenergy Recovery / (Record no. 615523)

000 -LEADER
fixed length control field 00559nam a22001577a 4500
082 ## - DEWEY DECIMAL CLASSIFICATION NUMBER
Classification number 620.11
Author Mark TAY
100 ## - MAIN ENTRY--PERSONAL NAME
Personal name Tayyabah, Omamah (364820)
245 ## - TITLE STATEMENT
Title Single-Chamber Membrane less Microbial Fuel Cell with α-MoO3 Modified Anode: A Dual Solution for Cr and Zn Removal and Bioenergy Recovery /
264 ## - PRODUCTION, PUBLICATION, DISTRIBUTION, MANUFACTURE, AND COPYRIGHT NOTICE
Place of production, publication, distribution, manufacture Islamabad :
Name of producer, publisher, distributor, manufacturer USPCAS-E, NUST
Date of production, publication, distribution, manufacture, or copyright notice September, 2025.
300 ## - PHYSICAL DESCRIPTION
Extent xiv, 50 p.
Accompanying material +CD
520 ## - SUMMARY, ETC.
Summary, etc. TH-673
650 ## - SUBJECT ADDED ENTRY--TOPICAL TERM
Topical term or geographic name entry element MS TEE Thesis
650 ## - SUBJECT ADDED ENTRY--TOPICAL TERM
Topical term or geographic name entry element MS Thesis
700 ## - ADDED ENTRY--PERSONAL NAME
Personal name Supervisor: Dr. Mustafa Anwar
942 ## - ADDED ENTRY ELEMENTS (KOHA)
Source of classification or shelving scheme
Koha item type Thesis
Holdings
Withdrawn status Permanent Location Current Location Date acquired Full call number Barcode Koha item type
  US-Pakistan Center for Advanced Studies in Energy (USPCAS-E) US-Pakistan Center for Advanced Studies in Energy (USPCAS-E) 12/15/2025 620.11 TAY CAS-ETH0000673 Thesis
© 2023 Central Library, National University of Sciences and Technology. All Rights Reserved.